• 首页
  • 本馆介绍
  • 公告通知
  • 最新文献
  • 馆藏检索
  • 电子资源
  • 读者导购
  • 参考咨询
  • 我的图书馆
  • 登录
  • 详细信息显示
  • 放入我的书架
  • 预约/预借图书
  • 作者相关作品
  • 分类相关作品
  • 丛书相关作品
  • 出版社相关作品

书目信息

  • 表格格式
  • 工作单格式
  • 卡片格式
题名:
领导干部报告个人有关事项实用手册
    
 
作者: ;中央纪委法规室 编写
分册:  
出版信息: 北京   中国方正出版社  2010.12
页数: 219页
开本: 20cm
丛书名:
单 册:
中图分类: D262.6 , D262.6-62
科图分类:
主题词: 中国共产党
电子资源:
ISBN: 978-7-80216-707-0
000 00685nam0 2200205 450
001 1153100098
005 20110417144541.45
010    @a978-7-80216-707-0@dCNY18.00
100    @a20110417d2010 km y0chiy0120 ea
101 0  @achi
102    @aCN
200 1  @a领导干部报告个人有关事项实用手册@Aling dao gan bu bao gao ge ren you guan shi xiang shi yong shou ce@f中央纪委法规室编写@Fzhong yang ji wei fa gui shi bian xie
210    @a北京@c中国方正出版社@d2010.12
215    @a219页@d20cm
606 0  @a中国共产党
690    @aD262.6@v5
690    @aD262.6-62@v4
711 02 @a中央纪委法规室@Azhong yang ji wei fa gui shi@4编写
801  0 @aCN@bNISOFT@c20110417
905    @aBZT@dD262.6-62@e1
    
    领导干部报告个人有关事项实用手册/中央纪委法规室编写.-北京:中国方正出版社,2010.12
    219页;20cm
    
    
    ISBN 978-7-80216-707-0:CNY18.00
    
●
相关链接 在五车中查询图书 在当当中查询图书 在豆瓣中查询图书


正题名:领导干部报告个人有关事项实用手册     索取号:D262.6-62/1         预约/预借

序号 登录号 条形码 馆藏地/架位号 状态 备注
1 776308   2000776308   中心书库南/010架B面7层7列/ [索取号:D262.6-62/1] 在馆    
2 776309   2000776309   中心书库南/010架B面7层7列/ [索取号:D262.6-62/1] 在馆    
3 776310   2000776310   中心书库南/010架B面7层7列/ [索取号:D262.6-62/1] 在馆    
4 776311   2000776311   中心书库南/010架B面7层7列/ [索取号:D262.6-62/1] 在馆    
5 776312   2000776312   中心书库南/010架B面7层7列/ [索取号:D262.6-62/1] 在馆    
6 776313   2000776313   中心书库南/010架B面7层7列/ [索取号:D262.6-62/1] 在馆    
7 776314   2000776314   中心书库南/010架B面7层7列/ [索取号:D262.6-62/1] 在馆    
8 776315   2000776315   中心书库南/010架B面7层7列/ [索取号:D262.6-62/1] 在馆    
9 776316   2000776316   中心书库南/010架B面7层7列/ [索取号:D262.6-62/1] 在馆    
10 776317   2000776317   中心书库南/010架B面7层7列/ [索取号:D262.6-62/1] 在馆    
山东省滨州职业学院图书馆 欢迎您!
大连网信软件有限公司© 版权所有